Detalles MARC
| 000 -LEADER |
| campo de control de longitud fija |
02171nam a22003617a 4500 |
| 001 - NÚMERO DE CONTROL |
| campo de control |
42835 |
| 003 - IDENTIFICADOR DE NÚMERO DE CONTROL |
| campo de control |
gtgccic |
| 005 - FECHA Y HORA DE LA ÚLTIMA TRANSACCIÓN |
| campo de control |
20260226125352.0 |
| 007 - CAMPO FIJO DE DESCRIPCIÓN FÍSICA--INFORMACIÓN GENERAL |
| campo de control de longitud fija |
ta |
| 008 - DATOS DE LONGITUD FIJA--INFORMACIÓN GENERAL |
| campo de control de longitud fija |
260226b gt ||||| |||| 00| 0 spa d |
| 040 ## - FUENTE DE CATALOGACIÓN |
| Centro catalogador/agencia de origen |
gtgccic |
| Lengua de catalogación |
spa |
| Centro/agencia transcriptor |
gtgccic |
| Normas de descripción |
rda |
| 084 ## - OTRO NÚMERO DE CLASIFICACIÓN |
| Número de control del registro de autoridad o número normalizado |
TPI-17-0129 |
| 100 10 - ENTRADA PRINCIPAL--NOMBRE DE PERSONA |
| Nombre de persona |
Luis Antonio Pérez Alvarez |
| Fechas asociadas al nombre |
Ing. |
| Término indicativo de función/relación |
autor |
| 245 10 - MENCIÓN DEL TÍTULO |
| Título |
Modelo logístico integrado para la coordinación de transporte |
| Resto del título |
en la recolección de materias primas y combustibles no tradicionales utilizados en la elaboración de cemento / |
| Mención de responsabilidad, etc. |
Pérez Alvarez, Luis Antonio |
| 264 #1 - PRODUCCIÓN, PUBLICACIÓN, DISTRIBUCIÓN, FABRICACIÓN Y COPYRIGHT |
| Producción, publicación, distribución, fabricación y copyright |
Guatemala : |
| Nombre del de productor, editor, distribuidor, fabricante |
USAC, Facultad de Ingeniería ; |
| Fecha de producción, publicación, distribución, fabricación o copyright |
2017 .- |
| 300 ## - DESCRIPCIÓN FÍSICA |
| Extensión |
174 p. |
| Otras características físicas |
il. |
| Dimensiones |
28 cm |
| 336 ## - TIPO DE CONTENIDO |
| Fuente |
rdacontenido |
| Término de tipo de contenido |
Texto |
| Código de tipo de contenido |
txt |
| 337 ## - TIPO DE MEDIO |
| Fuente |
rdamedio |
| Nombre/término del tipo de medio |
sin mediación |
| Código del tipo de medio |
n |
| 338 ## - TIPO DE SOPORTE |
| Fuente |
rdasoporte |
| Nombre/término del tipo de soporte |
volumen |
| Código del tipo de soporte |
nc |
| 502 ## - NOTA DE TESIS |
| Nota de tesis |
Tesis Postgrado |
| Tipo de título |
MAESTRO EN ARTES EN GESTIÓN INDUSTRIAL |
| Nombre de la institución que otorga el título |
USAC, Facultad de Ingeniería |
| Año de obtención del título |
2017 |
| Identificador de la tesis |
TPI-17-0129 |
| 504 ## - NOTA DE BIBLIOGRAFÍA, ETC. |
| Nota de bibliografía, etc. Nota |
Bibliografía pag. 163 |
| 505 ## - NOTA DE CONTENIDO CON FORMATO |
| Título |
1. MARCO TEÓRICO |
| 505 ## - NOTA DE CONTENIDO CON FORMATO |
| Título |
2. DESCRIPCIÓN DEL ANÁLISIS SITUACIONAL EN LA COORDINACIÓN DE TRANSPORTE DEL ÁREA DE MATERIAS PRIMAS Y COMBUSTIBLES NO TRADICIONALES |
| 505 ## - NOTA DE CONTENIDO CON FORMATO |
| Título |
3. PRESENTACIÓN DE RESULTADOS |
| 505 ## - NOTA DE CONTENIDO CON FORMATO |
| Título |
4. DISCUSIÓN DE RESULTADOS |
| 505 ## - NOTA DE CONTENIDO CON FORMATO |
| Título |
5. MODELO LOGÍSTICO INTEGRADO PARA LA COORDINACIÓN DE TRANSPORTES EN LA RECOLECCIÓN DE MATERIAS Y COMBUSTIBLES ALTERNOS |
| 520 #3 - RESUMEN, ETC. |
| Sumario, etc. |
Empresa dedicada en la elaboración de cemento que cuenta con la unidad de AFR´s, en el proceso de la recolección de combustibles y materias primas alternas para la producción de cemento, surgen distintos acontecimientos, entre ellos, que las gestiones de transporte se maneja por medio de datos tabulados, los cuales no están dinamizados, esto por la carencia herramientas modernas y actuales para la gestión, por tal razón, conlleva grandes cantidades de tiempo en estas gestiones, dificultad enmanejo de información para el análisis de datos y tomas de decisiones, esto impacta en el costo operativo logístico. |
| 650 ## - PUNTO DE ACCESO ADICIONAL DE MATERIA--TÉRMINO DE MATERIA |
| Término de materia o nombre geográfico como elemento de entrada |
TRANSPORTE |
| 650 ## - PUNTO DE ACCESO ADICIONAL DE MATERIA--TÉRMINO DE MATERIA |
| Término de materia o nombre geográfico como elemento de entrada |
MATERIALES DE CONSTRUCCIÓN |
| 700 ## - ENTRADA AGREGADA--NOMBRE PERSONAL |
| Nombre de persona |
Msc. Juan Francisco López Guzmán |
| Término indicativo de función/relación |
asesor |
| 942 ## - ELEMENTOS DE ENTRADA SECUNDARIOS (KOHA) |
| Fuente de la clasificación o esquema de estantería |
Clasificación Decimal Dewey |
| Tipo de ítem Koha |
TESISPOSTGRADO |
| 945 ## - PROCESAMIENTO DE INFORMACIÓN LOCAL (OCLC) |
| a |
amlo |